Markets (Record no. 83786)
[ view plain ]
| 000 -LEADER | |
|---|---|
| fixed length control field | 01086cab a22002175a 4500 |
| 001 - CONTROL NUMBER | |
| control field | L155027 |
| 008 - FIXED-LENGTH DATA ELEMENTS--GENERAL INFORMATION | |
| fixed length control field | 120220e20120217xxk 000 0 eng d |
| 035 ## - SYSTEM CONTROL NUMBER | |
| System control number | (Sirsi) u155027 |
| 041 0# - LANGUAGE CODE | |
| Language code of text/sound track or separate title | eng |
| 100 1# - MAIN ENTRY--PERSONAL NAME | |
| Personal name | Eade, Christine |
| 245 00 - TITLE STATEMENT | |
| Title | Markets |
| Remainder of title | Bristol, Bath and Somerset |
| 260 ## - PUBLICATION, DISTRIBUTION, ETC. | |
| Date of publication, distribution, etc. | 2012 |
| 490 #0 - SERIES STATEMENT | |
| Series statement | Property Week |
| Volume/sequential designation | 78(07) 17 February 2012, 49-58(5) |
| 520 ## - SUMMARY, ETC. | |
| Summary, etc. | TCN UK plans to restore rather than demolish the 1930s Collett House at Temple Gate in Bristol. Bristol hopes to secure a 50 000sq ft office letting from Spanish insurer Mapfre. Scented candle supplier Yankee Candle has taken a lease at 4mation, a 165 000 sq ft logistics centre at Cabot Park Bristol. Ten flats have gone already at Crest Nicholson's Bath Riverside Georgian-style townhouse scheme. Three property developers are vying to create a restaurant quarter in Bath Local development company Project Taunton sees its legacy Firepool office site come to market. |
| 590 ## - LOCAL NOTE (RLIN) | |
| Local note | KA |
| 651 #4 - SUBJECT ADDED ENTRY--GEOGRAPHIC NAME | |
| Geographic name | Bath |
| 651 #4 - SUBJECT ADDED ENTRY--GEOGRAPHIC NAME | |
| Geographic name | Bristol |
| 651 #4 - SUBJECT ADDED ENTRY--GEOGRAPHIC NAME | |
| Geographic name | Somerset |
| 690 ## - LOCAL SUBJECT ADDED ENTRY--TOPICAL TERM (OCLC, RLIN) | |
| Topical term or geographic name as entry element | Commercial property |
| 9 (RLIN) | 6227 |
| 942 ## - ADDED ENTRY ELEMENTS (KOHA) | |
| Suppress in OPAC | 0 |
| Withdrawn status | Lost status | Source of classification or shelving scheme | Damaged status | Not for loan | Home library | Current library | Shelving location | Date acquired | Total Checkouts | Full call number | Barcode | Date last seen | Price effective from | Koha item type |
|---|---|---|---|---|---|---|---|---|---|---|---|---|---|---|
| Dewey Decimal Classification | London | London | Journal article | 20/02/2012 | L155027 | 155027-1001 | 06/08/2019 | 06/08/2019 | Journal |